Comentarios a la reforma de lo contencioso-administrativo: Ley de 17 de marzo de 1973
Saved in:
| Main Authors: | , |
|---|---|
| Format: | Bog |
| Sprog: | spansk |
| Udgivet: |
Madrid
Civitas
1974
|
| Serier: | Civitas monografias
|
| Fag: | |
| Tags: |
Tilføj Tag
Ingen Tags, Vær først til at tagge denne postø!
|
MARC
| LEADER | 00000nam a2200000 a 4500 | ||
|---|---|---|---|
| 001 | UCS5388 | ||
| 003 | CL-VaPUC | ||
| 008 | 970830e19740000SP |||||||||||||||||spa|d | ||
| 082 | 0 | 4 | |a 342.06 |b MOS |2 21 |
| 100 | |a Mosquera Sánchez, Luis |e autor |9 391195 | ||
| 700 | 0 | |a Carretero Pérez, Adolfo |e author |9 391196 | |
| 245 | 1 | 0 | |a Comentarios a la reforma de lo contencioso-administrativo: Ley de 17 de marzo de 1973 |
| 300 | |a 401 p | ||
| 942 | |c BK | ||
| 945 | |d 19970830 00:00:00 |a lriquelm | ||
| 260 | |a Madrid |b Civitas |c 1974 | ||
| 650 | 0 | |a Derecho administrativo |9 254851 | |
| 650 | 7 | |a CONTENCIOSO ADMINISTRATIVO |2 CL-VaPUC |9 255490 | |
| 650 | 0 | |a Descentralización administrativa (administración descentralizada) |9 255464 | |
| 650 | 7 | |a FUNCION JURISDICCIONAL |2 CL-VaPUC |9 366202 | |
| 650 | 0 | |a Competencia |9 269688 | |
| 650 | 7 | |a LEGISLACION ADMINISTRATIVA |2 CL-VaPUC |9 391157 | |
| 583 | |a last modification |c 19970830 00:00:00 |k Rodrigo Vera | ||
| 490 | 0 | |a Civitas monografias | |
| 999 | |c 261901 |d 261899 | ||
| 952 | |0 0 |1 0 |4 0 |6 342_060000000000000_MOS_1974 |7 0 |8 A |9 289808 |a BIBDER |b BIBDER |d 2019-11-19 |i 1877461 |o 342.06 MOS 1974 |p 1877461 |r 2023-01-25 |w 2019-11-19 |y BK |k DER | ||